000 00612nam a2200241 a 4500
001 nice12345678
003 IN_TiNIC
005 20260116013143.0
008 050524s1991 hama grp 000 0 eng
020 _a0860789
_c3663
082 0 0 _a181.07
_bFAK1
100 _aFakhry, Majid
245 _aPhilosophy, Dogma and the Impact of Greek Thought in Islam
260 _aHampshire
_bVariorum
_c1991
300 _a184p
500 _aincludes index and biblioraphy
505 2 _aIndex
650 _aPhilosophy-Islamic
700 1 _aFakhry, Majid
902 _bSRS
942 _cBK
999 _c9889
_d9889